Countries Where Game of Thrones Has Been Filmed - Statistics

General Stats
  • This quiz has been taken 173 times
  • The average score is 4 of 6
Answer Stats
location country % Correct
main set locations Northern Ireland
(United Kingdom)
85%
Dorne Spain
80%
Qarth and Slaver's Bay Croatia
77%
Riverlands and Vale of Arryn Iceland
64%
Astapor and Yunkai Morocco
49%
Pentos and King's Landing Malta
35%
No matching quizzes found
Score Distribution
Percent of People with Each Score
Percentile by Number Answered
Your Score History
You have not taken this quiz